LEADER 01682nam 2200529Ia 450 001 9910459300903321 005 20200520144314.0 010 $a1-60876-552-0 035 $a(CKB)2670000000016652 035 $a(EBL)3018494 035 $a(SSID)ssj0000336555 035 $a(PQKBManifestationID)11286685 035 $a(PQKBTitleCode)TC0000336555 035 $a(PQKBWorkID)10283783 035 $a(PQKB)10438589 035 $a(MiAaPQ)EBC3018494 035 $a(Au-PeEL)EBL3018494 035 $a(CaPaEBR)ebr10660355 035 $a(OCoLC)923658662 035 $a(EXLCZ)992670000000016652 100 $a20090223d2009 uy 0 101 0 $aeng 135 $aur|n|---||||| 181 $ctxt 182 $cc 183 $acr 200 00$aDeep brain stimulation$b[electronic resource] $eapplications, complications and side effects /$fMark H. Rogers and Paul B. Anderson, editors 210 $aNew York $cNova Biomedical Books$dc2009 215 $a1 online resource (219 p.) 300 $aDescription based upon print version of record. 311 $a1-60692-895-3 320 $aIncludes bibliographical references and index. 606 $aBrain stimulation$xTherapeutic use 606 $aNeural stimulation$xTherapeutic use 608 $aElectronic books. 615 0$aBrain stimulation$xTherapeutic use. 615 0$aNeural stimulation$xTherapeutic use. 676 $a616.8/046 701 $aRogers$b Mark H$0988906 701 $aAnderson$b Paul B.$f1962-$0988907 801 0$bMiAaPQ 801 1$bMiAaPQ 801 2$bMiAaPQ 906 $aBOOK 912 $a9910459300903321 996 $aDeep brain stimulation$92261410 997 $aUNINA LEADER 03392nam 22006131a 450 001 9911004741103321 005 20260209204837.0 010 $a1-61197-187-X 024 7 $a10.1137/1.9781611971873 035 $a(CKB)2670000000130794 035 $a(MH)012983229-4 035 $a(SSID)ssj0000577550 035 $a(PQKBManifestationID)12272877 035 $a(PQKBTitleCode)TC0000577550 035 $a(PQKBWorkID)10562488 035 $a(PQKB)11196552 035 $a(CaBNVSL)gtp00549346 035 $a(PPN)191737216 035 $a(SIAM)9781611971873 035 $a(EXLCZ)992670000000130794 071 50$aCB81$bSIAM 100 $a20110825d2011 uy 0 101 0 $aeng 135 $aurbn||||m|||a 181 $ctxt 182 $cc 183 $acr 200 10$aNonlinear water waves with applications to wave-current interactions and tsunamis /$fAdrian Constantin 210 $aPhiladelphia, Pa. $cSociety for Industrial and Applied Mathematics (SIAM, 3600 Market Street, Floor 6, Philadelphia, PA 19104)$d2011 215 $a1 online resource (xii, 321 p. )$cill. (some col.) ; 225 1 $aCBMS-NSF Regional conference series in applied mathematics ;$v81 300 $aBibliographic Level Mode of Issuance: Monograph 311 08$a1-61197-186-1 320 $aIncludes bibliographical references and index. 327 $aPreface -- Chapter 1. Introduction -- Chapter 2. Preliminaries -- Chapter 3. Wave-current interactions -- Chapter 4. Fluid kinematics for wave trains -- Chapter 5. Solitary water waves -- Chapter 6. Breaking waves -- Chapter 7. Modeling tsunamis -- Bibliography -- Index. 330 3 $aThis overview of some of the main results and recent developments in nonlinear water waves presents fundamental aspects of the field and discusses several important topics of current research interest. It contains selected information about water-wave motion for which advanced mathematical study can be pursued, enabling readers to derive conclusions that explain observed phenomena to the greatest extent possible. The author discusses the underlying physical factors of such waves and explores the physical relevance of the mathematical results that are presented. The material is an expanded version of the author's lectures delivered at the NSF-CBMS Regional Research Conference in the Mathematical Sciences organized by the Mathematics Department of the University of Texas-Pan American in 2010. 410 0$aCBMS-NSF Regional conference series in applied mathematics ;$v81. 606 $aNonlinear waves 606 $aNonlinear wave equations 606 $aTsunamis$xMathematical models 615 0$aNonlinear waves. 615 0$aNonlinear wave equations. 615 0$aTsunamis$xMathematical models. 676 $a551.46/3 700 $aConstantin$b Adrian$0477754 712 02$aSociety for Industrial and Applied Mathematics. 801 0$bCaBNVSL 801 1$bCaBNVSL 801 2$bCaBNVSL 906 $aBOOK 912 $a9911004741103321 996 $aNonlinear water waves with applications to wave-current interactions and tsunamis$9240988 997 $aUNINA 999 $aThis Record contains information from the Harvard Library Bibliographic Dataset, which is provided by the Harvard Library under its Bibliographic Dataset Use Terms and includes data made available by, among others the Library of Congress